书目信息 |
| 题名: |
英汉化学化工词汇
|
|
| 作者: | ;科学出版社 编 | |
| 分册: | ||
| 出版信息: | 北京 编者 1984 |
|
| 页数: | 1731页 | |
| 开本: | 25cm | |
| 丛书名: | ||
| 单 册: | ||
| 中图分类: | TQ-61 , O6-61 | |
| 科图分类: | ||
| 主题词: | 化学工业--词汇--英、中 , 化学 | |
| 电子资源: | ||
| ISBN: | ||
| 000 | 00854nam0 2200277 45 | |
| 001 | 0184011252 | |
| 005 | 20061122111819.57 | |
| 010 | @b精装@dCNY24.90 | |
| 100 | @a19950605d1984 emky0chiy0121 ea | |
| 101 | 0 | @achi@aeng |
| 102 | @aCN@b110000 | |
| 105 | @ay z 000yy | |
| 106 | @ar | |
| 200 | 10 | @a英汉化学化工词汇@Aying han hua xue hua gong ci hui@dEnglish Chinese dictionary of chemistry and dhemicalengineering@zeng@f科学出版社编 |
| 205 | @a3版 | |
| 210 | @a北京@c编者@d1984 | |
| 215 | @a1731页@d25cm | |
| 510 | 1 | @aEnglish-Chinese dictionary of chemistry and chemicalengineering@zeng |
| 606 | @a化学工业@x词汇@x英、中 | |
| 606 | 0 | @a化学 |
| 690 | @aTQ-61@v3 | |
| 690 | @aO6-61 | |
| 711 | 02 | @a科学出版社@Ake xue chu ban she@4编 |
| 801 | 0 | @aCN@b上海图书馆@c20061122 |
| 801 | 2 | @aCN@bNLC@c20040920 |
| 905 | @f1@b124116@dO6-61@e152=3 | |
| 英汉化学化工词汇=English Chinese dictionary of chemistry and dhemicalengineering/科学出版社编.-3版.-北京:编者,1984 |
| 1731页;25cm |
| ISBN (精装):CNY24.90 |
| ● |
| 相关链接 |
|
|
|
|
正题名:英汉化学化工词汇
索取号:O6-61/152=3
 
预约/预借
| 序号 | 登录号 | 条形码 | 馆藏地/架位号 | 状态 | 备注 |
| 1 | 0124116 | 001960658 | 工具书阅览室/ [索取号:O6-61/152=3] | 在馆 | |
| 2 | 0124117 | 000556259 | 第二样本阅览室/ [索取号:O6-61/152=3] | 在馆 |